Functions of a complex variable
Αποθηκεύτηκε σε:
| Κύριος συγγραφέας: | |
|---|---|
| Μορφή: | Βιβλίο |
| Γλώσσα: | English |
| Δημοσίευση: |
Boston :
Prindle, Weber & Schmidt,
c1966
|
| Σειρά: | Prindle, Weber and Schmidt complementary series in mathematics
|
| Θέματα: | |
| Ετικέτες: |
Προσθήκη ετικέτας
Δεν υπάρχουν, Καταχωρήστε ετικέτα πρώτοι!
|
MARC
| LEADER | 00000cam a2200000 i 4500 | ||
|---|---|---|---|
| 001 | 1/101548 | ||
| 008 | 090220s1966 eng d | ||
| 035 | |l 10103307 | ||
| 040 | |a GR-MY-UA |b gre |e aacr | ||
| 041 | 0 | |a eng | |
| 082 | 0 | |a 515.9 |2 (22) | |
| 100 | 1 | |a Eves, Howard, |d 1911-2004. | |
| 245 | 1 | 0 | |a Functions of a complex variable / |c Howard W. Eves |
| 260 | |a Boston : |b Prindle, Weber & Schmidt, |c c1966 | ||
| 300 | |a 2 τ.; |b σχέδια; |c 21 εκ. | ||
| 490 | 1 | |a Prindle, Weber and Schmidt complementary series in mathematics | |
| 504 | |a Περιέχεουν ευρετήριο | ||
| 650 | 0 | 0 | |a Functions of complex variables. |
| 830 | 0 | |a Prindle, Weber and Schmidt complementary series in mathematics | |
| 852 | |a INST |b SAMOS |c MAG |e 20090220 |h 515.9 EVE |p 005300029274 |q 005300029274 |t BK |v τ.1: |y 0 |z τ.1 | ||
| 852 | |a INST |b SAMOS |c MAG |e 20090220 |h 515.9 EVE |p 005300029275 |q 005300029275 |t BK |v τ.2: |y 0 |z τ.2 | ||
| 853 | |a INST |b SAMOS |c MAG |h 515.9 EVE | ||
| 901 | |a BIBL3-2009-1 | ||
| 909 | |a Σ |b 155695 | ||
| 909 | |a Σ |b 155696 | ||
| 970 | |a ΡΟΥΣΣΟΥ |b ΚΩΝΣΤΑΝΤΙΝΑ |z 2009/02/20 | ||